000
00252 a2200133 4500
001
60044
020
_a
8515012588
040
_c
Anchieta - Pituba
240
1
0
_a
A bíblia
_l
Esp
245
1
0
_a
A bíblia
300
_a
650
4
_a
Bíblia
942
_c
BK
999
_c
60044
_d
60044